| 000 | 00471nam a2200169Ia 4500 | ||
|---|---|---|---|
| 003 | LK-CoDNM | ||
| 008 | 010623t2010 xxu||||| |||| 00| 1 sin d | ||
| 040 |
_aLK-CoDNM _dLK-CoDNM _eLK-CoDNM |
||
| 041 | _asin | ||
| 080 | _a294.3 HER | ||
| 100 | _aHerath,Nanda Kumari | ||
| 245 | _aමෙතේ බුදුන් පහල වූ වගයි | ||
| 246 | _aMethe Budun Pahala U Wagai | ||
| 260 |
_bAuthor _aManikdiwela _c2010 |
||
| 300 | _b624,xxv, 21 cm | ||
| 942 | _cBK | ||
| 999 |
_c130226 _d130226 |
||